Acteurs en Images - Statistiques

Statistiques générales
  • Ce quiz a été pris 967 fois
  • Le résultat moyen est 10 sur 16
Statistiques - réponses
Par images Réponse % Correct
Pierre Niney
96%
Margot Robbie
87%
François Civil
83%
Virginie Efira
78%
Adèle Exarchopoulos
76%
Ryan Gosling
76%
Gilles Lellouche
70%
Cillian Murphy
69%
Natalie Portman
68%
Joaquin Phoenix
49%
Pedro Pascal
44%
Raphaël Quenard
43%
Christian Bale
42%
Laurent Lafitte
38%
Bryan Cranston
26%
Andrew Lincoln
14%
Aucun quiz correspondant
Distribution des résultats
% des personnes avec chaque résultat
Percentile par nombre de réponses
Votre historique - résultats
Vous n’avez pas pris ce quiz